| 000 | 00838nam a22002297a 4500 | ||
|---|---|---|---|
| 005 | 20121220145140.0 | ||
| 008 | 121220t xxu||||| |||| 00| 0 eng d | ||
| 010 | _aENG-106470 | ||
| 020 |
_c825.00 _a9788178359151 |
||
| 035 | _aEN-90003 | ||
| 037 | _bDBAD/ Pub | ||
| 040 |
_aDPL _bENG |
||
| 082 | 1 | 4 | _a658.8 |
| 100 | 1 |
_aGotlagunta, Chandra Sekhar _954505 |
|
| 245 | 1 |
_aMarketing information systems / _cby Chandra Sekhar Gotlagunta |
|
| 260 |
_aDelhi _bKalpaz Publications _c2013 |
||
| 270 |
_aC-30, Satyawati Nagar, _bDelhi _e110 052 _mkalpaz@hotmail.com |
||
| 300 |
_a330p. _c22cm(Hb) |
||
| 500 | _aIncludes index | ||
| 942 |
_adpl _cEN _2ddc _h658.8 _mGOT |
||
| 999 |
_c72379 _d72379 |
||